书目信息 |
| 题名: |
艺用人体解剖
|
|
| 作者: | 西蒙伯尔特 著 ;戴维斯 , 徐焰 , 张燕文 摄 | |
| 分册: | ||
| 出版信息: | 杭州 浙江摄影出版社 2021.3 |
|
| 页数: | 252页 | |
| 开本: | 26cm | |
| 丛书名: | ||
| 单 册: | ||
| 中图分类: | J064 | |
| 科图分类: | ||
| 主题词: | 艺用人体解剖学 | |
| 电子资源: | ||
| ISBN: | 978-7-5514-0381-8 | |
| 000 | 01283nam0 2200325 45 | |
| 001 | 012001001866 | |
| 005 | 20211020155928.83 | |
| 010 | @a978-7-5514-0381-8@dCNY128.00 | |
| 100 | @a20131118d2013 em y0chiy50 ea | |
| 101 | 1 | @achi@ceng |
| 102 | @aCN@b330000 | |
| 105 | @aa z 000yy | |
| 106 | @ar | |
| 200 | 1 | @a艺用人体解剖@Ayi yong ren ti jie pou@b专著@f(英)萨拉·西蒙伯尔特著@g(英)约翰·戴维斯摄@g徐焰,张燕文译 |
| 205 | @a2版 | |
| 210 | @a杭州@c浙江摄影出版社@d2021.3 | |
| 215 | @a252页@c照片,图@d26cm | |
| 300 | @a并列题名:Anatomy for the artist | |
| 305 | @a英国DK公司授权出版 据英国DK公司2001年第1版版本译出 | |
| 312 | @a封面英文题名:Anatomy for the artist | |
| 330 | @a本书采用250幅特别委托拍摄的照片和100幅绘画作品来揭示并赞美人体,阐明了人体体表的特征和内部复杂结构之间的关系,传授如何审视与描绘人体的各个部位,并探讨艺术大师对人体解剖的态度、知识水平和知识的应用。 | |
| 510 | 1 | @aAnatomy for the artist@zeng |
| 606 | 0 | @a艺用人体解剖学 |
| 690 | @aJ064@v5 | |
| 701 | 0 | @c(英)@a西蒙伯尔特@Axi meng bo er te@c(女,Simblet, Sarah)@4著 |
| 702 | 0 | @c(澳)@a戴维斯@Adai wei si@c(Davis, John)@4摄 |
| 702 | 0 | @a徐焰@Axu yan@c(女)@4译 |
| 702 | 0 | @a张燕文@Azhang yan wen@4译 |
| 801 | 2 | @aCN@b江苏凤凰@c20211018 |
| 905 | @b1346024-7@dJ064@e629=2@f4 | |
| 艺用人体解剖/(英)萨拉·西蒙伯尔特著/(英)约翰·戴维斯摄/徐焰,张燕文译.-2版.-杭州:浙江摄影出版社,2021.3 |
| 252页:照片,图;26cm |
| 并列题名:Anatomy for the artist |
| ISBN 978-7-5514-0381-8:CNY128.00 |
| 本书采用250幅特别委托拍摄的照片和100幅绘画作品来揭示并赞美人体,阐明了人体体表的特征和内部复杂结构之间的关系,传授如何审视与描绘人体的各个部位,并探讨艺术大师对人体解剖的态度、知识水平和知识的应用。 |
| ● |
| 相关链接 |
|
|
|
|
正题名:艺用人体解剖
索取号:J064/629=2
 
预约/预借
| 序号 | 登录号 | 条形码 | 馆藏地/架位号 | 状态 | 备注 |
| 1 | 1346024 | 213460244 | 第一样本阅览室/ [索取号:J064/629=2] | 在馆 | |
| 2 | 1346025 | 213460253 | 第一借阅区/ [索取号:J064/629=2] | 在馆 | |
| 3 | 1346026 | 213460262 | 第一借阅区/ [索取号:J064/629=2] | 在馆 | |
| 4 | 1346027 | 213460271 | 第一借阅区/ [索取号:J064/629=2] | 在馆 |